Los Medios Auxiliares del Aprendizaje en la Ensenanza de la Historia, Las Graficas y las Lineas de Tiempo / SEP (Record no. 72225)
[ view plain ]
| 000 -CABECERA | |
|---|---|
| campo de control de longitud fija | 00563nam a2200169 a 4500 |
| 005 - FECHA Y HORA DE LA ÚLTIMA TRANSACCIÓN | |
| campo de control | 20220523132814.0 |
| 008 - ELEMENTOS DE LONGITUD FIJA--INFORMACIÓN GENERAL | |
| campo de control de longitud fija | 991125n 000 0 spa u |
| 035 ## - NÚMERO DE CONTROL DEL SISTEMA | |
| Número de control de sistema | UPN01000086232 |
| 100 1# - ASIENTO PRINCIPAL--NOMBRE PERSONAL | |
| Nombre de persona | Guevara Ramirez, Luis |
| 222 ## - TÍTULO CLAVE | |
| Título clave | TRIBUNA : |
| Información calificativa | REVISTA BIMESTRAL INFORMATIVA Y DE ORIENTACION |
| 245 ## - MENCIÓN DE TÍTULO | |
| Título | Los Medios Auxiliares del Aprendizaje en la Ensenanza de la Historia, Las Graficas y las Lineas de Tiempo / SEP |
| 300 ## - DESCRIPCIÓN FÍSICA | |
| Extensión | 17-21 |
| 362 ## - FECHAS DE PUBLICACIÓN Y/O DESIGNACIÓN SECUENCIAL | |
| Fecha de publicación y/o designación secuencial | 1955 2 (10) |
| 700 1# - ASIENTO SECUNDARIO--NOMBRE DE PERSONAL | |
| Nombre de persona | González Blackaller, Ciro E. |
| 9 (RLIN) | 28542 |
| 904 ## - ELEMENTOS DE DATOS D LOCAL, LDD (RLIN) | |
| a | AC |
| b | 024043 |
| 905 ## - TIPO DE MATERIAL | |
| Tipo de material | Articulo |
No items available.
